| 000 -NÁVESTIE |
| fixed length control field |
01313cam a2200385 a 4500 |
| 001 - EVIDENČNÉ ČÍSLO ZÁZNAMU - Kontrolné číslo |
| control field |
vtls001428277 |
| 005 - DÁTUM A ČAS POSLEDNEJ TRANSAKCIE |
| control field |
20241211090811.0 |
| 008 - ÚDAJE S PEVNOU DĹŽKOU – VŠEOBECNÉ INFORMÁCIE |
| fixed length control field |
240226s1976 xo gr 000 f slo |
| 020 ## - MEDZINÁRODNÉ ŠTANDARDNÉ ČÍSLO KNIHY (ISBN) |
| Qualifying information |
(viazané) |
| 035 ## - Iný štandardný identifikátor |
| Iný štandardný identifikátor |
SNK000383273 |
| 035 ## - Iný štandardný identifikátor |
| Iný štandardný identifikátor |
B1FCD110-06CE-45B9-8E8B-AE01DA110DAD |
| 035 ## - Iný štandardný identifikátor |
| Iný štandardný identifikátor |
urn:nbn:sk:snk-am00ij2f |
| 040 ## - ZDROJ KATALOGIZÁCIE |
| Pôvodná katalogizujúca agentúra |
SNK |
| Jazyk katalogizácie |
slo |
| Prepisujúca agentúra |
SNK |
| Konvencie popisu |
AACR2 |
| 041 1# - KÓD JAZYKA |
| Kód jazyka textu/zvukovej stopy alebo samostatných nápisov |
slo |
| Kód jazyka originálu a/alebo sprostredkujúcich prekladov textu |
nor |
| 044 ## - KÓD KRAJINY VYDAVATEĽA/PRODUCENTA |
| Kód krajiny MARC |
xo |
| Kód krajiny ISO |
SK |
| 072 #7 - KÓD PREDMETOVEJ KATEGÓRIE |
| Kód predmetovej kategórie |
821.11 |
| Pododdiel kódu predmetovej kategórie |
Germánske literatúry |
| Zdroj |
konspekt |
| 080 ## - ČÍSLO MEDZINÁRODNÉHO DESATINNÉHO TRIEDENIA (MDT) |
| Číslo Medzinárodného desatinného triedenia (MDT) |
821.113.5-31 |
| Identifikátor vydania |
2011 |
| 100 1# - OSOBNÉ MENÁ – VŠEOBECNÉ INFORMÁCIE |
| Osobné meno |
Hamsun, Knut, |
| Dátumy súvisiace s menom |
1859-1952 |
| Kód roly |
aut |
| -- |
4109 |
| 240 10 - UNIFIKOVANÝ NÁZOV |
| Unifikovaný názov |
Markens Grøde |
| Jazyk diela |
Slovensky |
| 245 10 - NÁZOV |
| Názov |
Požehnanie zeme |
| Údaj o zodpovednosti atď. |
Knut Hamsun; [z nórskeho originálu preložil K. V. Rypáček, Helena Dobiášová; doslov napísal a chronológiu zostavil Ladislav Obuch] |
| 250 ## - ÚDAJ O PORADÍ VYDANIA |
| Údaj o poradí vydania |
2. vyd. |
| 260 ## - VYDAVATEĽSKÉ ÚDAJE, DISTRIBÚCIA ATĎ. |
| Miesto publikovania, distribúcie atď. |
Bratislava |
| Názov vydavateľa, distibútora atď. |
Slovenský spisovateľ |
| Dátum publikovania, distribúcie atď. |
1976 |
| 300 ## - FYZICKÝ POPIS |
| Rozsah |
321 strán |
| Rozmery |
8° |
| 490 1# - EDÍCIA |
| Edícia |
Knižnica Nobelových cien |
| 500 ## - VŠEOBECNÁ POZNÁMKA |
| Formátovaná poznámka o obsahu |
Preložené zo súboru Samlede veker |
| 655 #7 - INDEXAČNÝ TERMÍN – ŽÁNER/FORMA |
| Údaje o žánri/forme alebo termín, ktorý je prvok fazety |
nórske romány |
| Zdroj termínu |
SNKPH |
| -- |
2134 |
| 700 1# - PRIDANÝ VSTUP – OSOBNÉ MENO |
| Osobné meno |
Rypáček, Karel V., |
| Dátumy súvisiace s menom |
1885-1957 |
| Kód roly |
trl |
| -- |
4110 |
| 700 1# - PRIDANÝ VSTUP – OSOBNÉ MENO |
| Osobné meno |
Dobiášová, Helena, |
| Dátumy súvisiace s menom |
1935-1990 |
| Kód roly |
trl |
| -- |
4111 |
| 700 1# - PRIDANÝ VSTUP – OSOBNÉ MENO |
| Osobné meno |
Obuch, Ladislav, |
| Dátumy súvisiace s menom |
1926-1981 |
| Kód roly |
aft |
| -- |
4112 |
| 958 ## - Formálny deskriptor |
| Formálny deskriptor |
OND |
| 958 ## - Formálny deskriptor |
| Formálny deskriptor |
LX |
| 958 ## - Formálny deskriptor |
| Formálny deskriptor |
UP |
| 958 ## - Formálny deskriptor |
| Formálny deskriptor |
EUIPO |